Study Guide for Chemistry / (Record no. 10055)
[ view plain ]
| 000 -LEADER | |
|---|---|
| fixed length control field | 00580nam a22002177a 4500 |
| 001 - CONTROL NUMBER | |
| control field | 10055 |
| 003 - CONTROL NUMBER IDENTIFIER | |
| rucl marc code | BD-RjUL |
| 005 - DATE AND TIME OF LATEST TRANSACTION | |
| control field | 20211208234903.0 |
| 008 - FIXED-LENGTH DATA ELEMENTS--GENERAL INFORMATION | |
| fixed length control field | 140122b un ||||| |||| 00| 0 eng d |
| 020 ## - INTERNATIONAL STANDARD BOOK NUMBER | |
| International Standard Book Number | 0669167118 |
| 035 ## - SYSTEM CONTROL NUMBER | |
| System control number | (BD-RjUL)10102 |
| 040 ## - CATALOGING SOURCE | |
| Original cataloging agency | BD-RjUL |
| Language of cataloging | eng |
| Transcribing agency | BD-RjUL |
| Modifying agency | (BD-RjUL) |
| 041 ## - LANGUAGE CODE | |
| Language code of text/sound track or separate title | eng |
| 082 ## - DEWEY DECIMAL CLASSIFICATION NUMBER | |
| Edition number | 22 |
| Classification number | 547.215 |
| Author mark and year | ZUS 1989 |
| 100 ## - MAIN ENTRY--PERSONAL NAME | |
| Personal name | Zumdahl,Steven S. |
| 9 (RLIN) | 31040 |
| 245 ## - TITLE STATEMENT | |
| Title | Study Guide for Chemistry / |
| 260 ## - PUBLICATION, DISTRIBUTION, ETC. (IMPRINT) | |
| Place of publication, distribution, etc. | Lexington : |
| Name of publisher, distributor, etc. | D.C. Healh, |
| Date of publication, distribution, etc. | c1989. |
| 300 ## - PHYSICAL DESCRIPTION | |
| Pagination | [4] 538 p. : |
| Size | 29c.m |
| 650 0# - SUBJECT ADDED ENTRY--TOPICAL TERM | |
| Topical term or geographic name as entry element | Chemistry, Organic. |
| 9 (RLIN) | 28406 |
| 942 ## - ADDED ENTRY ELEMENTS (KOHA) | |
| Source of classification or shelving scheme | Dewey Decimal Classification |
| Koha item type | Books |
| Lost status | Source of classification or shelving scheme | Damaged status | Not for loan | Collection code | Permanent Location | Current Location | Shelving location | Date acquired | Source of acquisition | Total Checkouts | Full call number | Date last seen | Copy number | Koha item type |
|---|---|---|---|---|---|---|---|---|---|---|---|---|---|---|
| Dewey Decimal Classification | Not For Loan | Non-fiction | Central Library, University of Rajshahi | Central Library, University of Rajshahi | Reading Room | 21/10/1990 | Gift | 547.215 ZUS 1989 | 22/01/2014 | C-1 | Books |